000 004020000a22000970004500
100 1 _aHernandez, Germán
245 1 0 _aLectores del mundo entero : íUnios! Leer no es obligatorio --hay derecho a no leer, o al menos a saltarse las páginas de un libro, o a leer en cualquier lugar o hacerlo en voz alta
300 _aVol. 3, Num. 3 (Junio-Julio, 1993), Páginas 60-62
773 0 _tCambio 16
942 _cANA
999 _c58507
_d58507